000 00938nam2a22002531 4500
001 RU\NLR\INFOCOMM7\1000029530
005 20260607120136.0
035 _a(NLR Aleph) 002514159
090 _a13725092
_c13725092
100 _a20040426d1966 |||y0rusy50 ca
101 0 _arus
102 _aMD
105 _ay |||||||||
200 1 _aОрганизация и нормирование труда в садоводстве и виноградарстве
_fГ.С. Прокопьев
210 _d1966
461 0 _1001RU\NLR\INFOCOMM7\1000029519
_12001#$aТруды$fМ-во с. х. Молдавской ССР. Науч.-исслед. ин-т садоводства, виноградарства и виноделия$vТ.11
700 1 _aПрокопьев
_bГ. С.
_4070
801 0 _aRU
_bNLR
_gPSBO
801 1 _aRU
_bInfoComm
_c20040426
852 _aNLR
_jП14/502
942 _cISSUE
980 _aRUSPER
980 _aNB